Guess the Fusion Rock Song Lyrics #137 - Statistics

General Stats
  • This quiz has been taken 20 times
  • The average score is 216 of 327
Answer Stats
Answer % Correct
a
88%
he
88%
I
88%
in
88%
with
88%
an
82%
be
82%
can
82%
don't
82%
Don't
82%
go
82%
Go
82%
it
82%
on
82%
time
82%
to
82%
we
82%
you
82%
is
76%
it's
76%
me
76%
my
76%
Now
76%
tell
76%
the
76%
this
76%
what
76%
And
71%
But
71%
but
71%
can't
71%
for
71%
Got
71%
I'm
71%
life
71%
of
71%
Of
71%
old
71%
or
71%
Then
71%
want
71%
way
71%
come
65%
couldn't
65%
from
65%
leave
65%
say
65%
up
65%
was
65%
your
65%
alone
59%
Billy Joel
59%
call
59%
close
59%
get
59%
Get
59%
had
59%
his
59%
home
59%
LA
59%
never
59%
not
59%
used
59%
will
59%
anymore
53%
care
53%
cause
53%
friend
53%
need
53%
okay
53%
own
53%
They
53%
they'll
53%
wrong
53%
Yeah
53%
Ah
47%
ahead
47%
alright
47%
chance
47%
coast
47%
gives
47%
place
47%
Said
47%
said
47%
stand
47%
them
47%
west
47%
worry
47%
American
41%
bought
41%
Either
41%
else
41%
Keep
41%
mind
41%
real
41%
routine
41%
still
41%
Still
41%
ticket
41%
wake
41%
yourself
41%
circumstance
35%
Closed
35%
house
35%
later
35%
offer
35%
Ooh
35%
second
35%
shop
35%
sleep
35%
sold
35%
somebody
35%
sooner
35%
space
35%
speak
35%
strange
35%
victim
35%
belong
29%
No matching quizzes found
Score Distribution
Percent of People with Each Score
Percentile by Number Answered
Your Score History
You have not taken this quiz